• 首页
  • 本馆介绍
  • 公告通知
  • 最新文献
  • 馆藏检索
  • 电子资源
  • 读者导购
  • 参考咨询
  • 我的图书馆
  • 登录
  • 详细信息显示
  • 放入我的书架
  • 预约/预借图书
  • 作者相关作品
  • 分类相关作品
  • 丛书相关作品
  • 出版社相关作品

书目信息

  • 表格格式
  • 工作单格式
  • 卡片格式
题名:
英文字用法指南
    
 
作者: 张树柏 主编
分册: 上册   A-N
出版信息: 香港   读者文摘亚洲有限  1981
页数: 1214页
开本: 26cm
丛书名:
单 册:
中图分类: H313.2
科图分类:
主题词: 英语
电子资源:
ISBN:
000 00597nam0 2200193 450
001 0654811078
005 20061107151650.46
100    @a20061107d1981 km y0chiy0120 ea
101 0  @achi
200 1  @a英文字用法指南@e写作用字遣词必读@h上册@iA-N@Aying wen zi yong fa zhi nan@f张树柏主编@Fzhang shu bai zhu bian
210    @a香港@c读者文摘亚洲有限@d1981
215    @a1214页@d26cm
517 1  @aA-N
517 1  @a写作用字遣词必读@Axie zuo yong zi qian ci bi du
606 0  @a英语
690    @aH313.2@v3
701  0 @a张树柏@Azhang shu bai@4主编
801  0 @aCN@bPFT@c20061107
905    @a10447@dH313.2@e128:1
    
    英文字用法指南:写作用字遣词必读.上册.A-N/张树柏主编.-香港:读者文摘亚洲有限,1981
    1214页;26cm
    
    
    ISBN :
    
●
相关链接 在E读中查询图书 在五车中查询图书 在当当中查询图书 在豆瓣中查询图书


正题名:英文字用法指南     索取号:H313.2/128:1         预约/预借

序号 登录号 条形码 馆藏地/架位号 状态 备注
1 0211629   001383826   第二样本阅览室/ [索取号:H313.2/128:1] 在馆    
唐山师范学院图书馆 欢迎您!
大连网信软件有限公司© 版权所有